Drug abuse : (Record no. 125935)

MARC details
000 -LEADER
fixed length control field 00753nam a22002297a 4500
005 - DATE AND TIME OF LATEST TRANSACTION
control field 20170124110002.0
010 ## - LIBRARY OF CONGRESS CONTROL NUMBER
LC control number A-760249
020 ## - INTERNATIONAL STANDARD BOOK NUMBER
Terms of availability 00.00
International Standard Book Number 8185402647
035 ## - SYSTEM CONTROL NUMBER
System control number A-760249
037 ## - SOURCE OF ACQUISITION
Source of stock number/acquisition Cen Lib/Ret
040 ## - CATALOGING SOURCE
Original cataloging agency DPL
Language of cataloging EN
082 ## - DEWEY DECIMAL CLASSIFICATION NUMBER
Classification number 362.29
Item number AGA
100 ## - MAIN ENTRY--PERSONAL NAME
Personal name Agarwal, Rashmi
9 (RLIN) 16028
245 ## - TITLE STATEMENT
Title Drug abuse :
Statement of responsibility, etc by Rashmi Agarwal
Remainder of title socio-psychological perspetives and intervention strategies /
260 ## - PUBLICATION, DISTRIBUTION, ETC. (IMPRINT)
Place of publication, distribution, etc New Delhi
Name of publisher, distributor, etc Shipra Publications
Date of publication, distribution, etc 1995
270 ## - ADDRESS
Address 115-A, Vikas Marg, Shakarpur
City New Delhi
Postal code 110092
300 ## - PHYSICAL DESCRIPTION
Extent 205p. :
Dimensions 21cm(Hb)
Other physical details ill
500 ## - GENERAL NOTE
General note Includes bibliographical references and index.
650 ## - SUBJECT ADDED ENTRY--TOPICAL TERM
Topical term or geographic name as entry element Drug Abuse
9 (RLIN) 16029
650 ## - SUBJECT ADDED ENTRY--TOPICAL TERM
Topical term or geographic name as entry element Drug Trafficking
9 (RLIN) 16030
942 ## - ADDED ENTRY ELEMENTS (KOHA)
Source of classification or shelving scheme Dewey Decimal Classification
Koha item type English Books
Classification part 362.29
Call number suffix AGA
Holdings
Withdrawn status Lost status Damaged status Not for loan Home library Current library Date acquired Source of acquisition Cost, normal purchase price Total Checkouts Full call number Barcode Date last seen Copy number Cost, replacement price Price effective from Koha item type Public note
Written off       Central Library Central Library 24/06/2015 Cen Lib/Ret 0.00   362.29 AGA A-760249 24/06/2015 1 0.00 24/06/2015 English Books Written off on approval by DLB (By Circulation); dtd 15-06-2023

© Delhi Public Library
Hit Counter
free hit counter